1673 1833 1311 1586 1953 1486 1758 1047 1772 1693 1929 1429 1268 1665 1364 1262 1384 1822 1022 1472 1725 1355 1050 1947 1015 1941 1842 1410 1237 1378 1476 1639 1735 1556 1870 1733 1987 1076 1490 1860 1663 1450 1169 1614 1935 1008 1632 1271 1108 1124 1856 1572 1945 1879 1671 1941 1538 1838 1249 1114 1443 1595 1771 1442 1694 1858 1423 1392 1076 1803 1008 1081 1132 1252 1370 1566 1490 1888 1026 1140 1897 1271 1427 1688 1933 1252 1232 1486 1251 1746 1105 1434 1472 1857 1651 1220 1996 1868 1153 BCNSPRNW ULIB Ver.6.0+V

เปลี่ยนเป็นภาษาไทย

Change to English
 แสดงรายละเอียดบรรณานุกรม
  กลับหน้าหลัก

Brief Record : Get Marc (ISO 2709) : E-mail record : QR code < ปิดหน้าต่าง
LEADER : 00000nam 2200000uu 4500
001    13399125470
003     ULIB
008    170612s2558||||th 000 0 tha d
020    ^a9786162797101
060  4 ^aWI600^bว334ร
100 0  ^aวรุตม์ โล่ห์สิริวัฒน์
245 10 ^aโรคของไส้ตรงและทวารหนักที่พบบ่อย =^bCommon Anorectal Diseases/^cวรุตม์ โล่ห์สิริวัฒน์,บรรณาธิการ
250    ^aพิมพ์ครั้งที่ 1
260    ^aกรุงเทพฯ :^bสำนักพิมพ์ศิริราช คณะแพทยศาสตร์ศิริราชพยาบาล มหาวิทยาลัยมหิดล ,^c2558.
300    ^a186 หน้า :^bภาพประกอบสี;^c26 ซม.
650  7 ^aลำไส้^xโรค
650  7 ^aทวารหนัก^xโรค
650  7 ^aศัลยศาสตร์ลำไส้ใหญ่โคลอนและเรคตัม
945    ^p0^l0^i002256
945    ^p0^l0^i002257
945    ^p0^l0^i002258
999    ^aวรรณษา ชูชัยมงคล
รายการนี้ยังไม่มีแท็ก
คุณยังไม่ได้ล็อกอิน คุณสามารถมีกิจกรรมร่วมกับเว็บไซต์ได้ แต่ต้องล็อกอินก่อน ::
  ล็อกอิน

รายการสื่อสารสนเทศ

ลำดับที่ ประเภท เลขเรียก/บาร์โค้ด สถานที่ สถานะ
1. วิทยาศาสตร์การแพทย์ และสุขภาพ
วิทยาศาสตร์การแพทย์ และสุขภาพ
สถานะ=หนังสือเก่า
WI600 ว334ร ฉ.1 
  Barcode: 002256
ห้องสมุดวิทยาเขตสวรรค์ประชารักษ์
►ส่วนจัดเก็บหนังสือเก่า สปร
บนชั้น
  ขอยืม
2. วิทยาศาสตร์การแพทย์ และสุขภาพ
วิทยาศาสตร์การแพทย์ และสุขภาพ
สถานะ=หนังสือเก่า
WI600 ว334ร ฉ.2 
  Barcode: 002257
ห้องสมุดวิทยาเขตสวรรค์ประชารักษ์
►ส่วนจัดเก็บหนังสือเก่า สปร
บนชั้น
  ขอยืม
3. วิทยาศาสตร์การแพทย์ และสุขภาพ
วิทยาศาสตร์การแพทย์ และสุขภาพ
สถานะ=หนังสือเก่า
WI600 ว334ร ฉ.3 
  Barcode: 002258
ห้องสมุดวิทยาเขตสวรรค์ประชารักษ์
►ส่วนจัดเก็บหนังสือเก่า สปร
บนชั้น
  ขอยืม

รายการใกล้เคียง
    ผู้แต่ง [วรุตม์ โล่ห์สิริวัฒน์]

    หัวเรื่อง [ศัลยศาสตร์ลำไส้ใหญ่โคลอนและเรคตัม]

BibComment


ยังไม่เคยถูกคอมเมนท์

คอมเมนท์ทรัพยากรรายการนี้
  คอมเมนท์: โรคของไส้ตรงและท..


 Copyright 2026. Bcnsprnw @Library